| 000 | 00496nam a22001697a 4500 | ||
|---|---|---|---|
| 005 | 20251108165316.0 | ||
| 008 | 250721s2000 xx 000 0 ara d | ||
| 082 | 1 | 4 | _a575.1/محب |
| 100 | 1 |
_aالمحب، محمد صالح _eمؤلف |
|
| 245 | 1 | 0 | _aحول الهندسة الوراثية / |
| 264 | 1 |
_aبيروت : _bالعربية للعلوم، _c2000. |
|
| 300 | _a202ص. | ||
| 650 | 1 | 7 | _aالوراثه |
| 650 | 1 | 7 | _aالهندسه الوراثيه |
| 942 |
_2ddc _cBK |
||
| 999 |
_c24732 _d24732 |
||